| 000 | 01023nas a2200337 4500 | ||
|---|---|---|---|
| 001 | BR2015005173 | ||
| 003 | BR-BrBNA | ||
| 005 | 20231205125719.0 | ||
| 007 | ta | ||
| 008 | 230509b bl.|||p| |||| 00| 00por d | ||
| 040 |
_aBR-BrBNA _bpor _cBiblioteca Nacional de Agricultura |
||
| 041 | _a(En) | ||
| 072 | _aF30 | ||
| 100 | 1 | _aOliveira, A.C. de | |
| 100 | 1 | _aCrestani, M. | |
| 100 | 1 | _aCarvalho, F.I.F. de | |
| 100 | 1 | _aSilva, J.A.G. da | |
| 100 | 1 | _aValério I.P. | |
| 100 | 1 | _aHartwig, I. | |
| 100 | 1 | _aBwenin, G. | |
| 100 | 1 | _aSchmidt, D.A.M. | |
| 100 | 1 | _aBertan, I. | |
| 245 | 1 | _aCultivar release: Brisasul : a new high-yielding white oat cultivar with reduced lodging | |
| 650 | _aAVENA SATIVA | ||
| 650 | _aMELHORAMENTO GENÉTICO VEGETAL | ||
| 650 | _aPRODUTIVIDADE | ||
| 650 | _aRENDIMENTO | ||
| 773 | 0 |
_tCrop Breeding and Applied Biotechnology (Brazil) _xISSN 1518-7853 _g(Dec 2011), v. 11 (4) p. 370-374 _wBR2015005173 |
|
| 909 |
_a202311 _bLúcia _c55 _dLúcia Elande |
||
| 942 |
_2AGRIS _n0 _cANA |
||
| 999 |
_c245717 _d245717 |
||